ბათუმის შოთა რუსთაველის სახელმწიფო უნივერსიტეტის ბიბლიოთეკა

Древнейшее прошлое человечества / (ბიბ.ჩანაწერი № 60985)

000 -LEADER
fixed length control field 00756nam a22001937a 4500
005 - DATE AND TIME OF LATEST TRANSACTION
control field 20231204120224.0
008 - FIXED-LENGTH DATA ELEMENTS--GENERAL INFORMATION
fixed length control field 231204s1980 ru ||||| |||| 00| 0 rus d
041 ## - LANGUAGE CODE
Language code of text/sound track or separate title rus
080 ## - UNIVERSAL DECIMAL CLASSIFICATION NUMBER
Universal Decimal Classification number 572+903 Б-82
100 ## - MAIN ENTRY--PERSONAL NAME
Personal name Борисковский, П. И.
9 (RLIN) 20379
245 ## - TITLE STATEMENT
Title Древнейшее прошлое человечества /
Statement of responsibility, etc. П.И. Борисовский.
250 ## - EDITION STATEMENT
Edition statement 2-е переработанное издание
264 ## - PRODUCTION, PUBLICATION, DISTRIBUTION, MANUFACTURE, AND COPYRIGHT NOTICE
Place of production, publication, distribution, manufacture М.:
Name of producer, publisher, distributor, manufacturer Наука,
Date of production, publication, distribution, manufacture, or copyright notice 1980.
300 ## - PHYSICAL DESCRIPTION
Extent 240 с.:
Other physical details ил.;
Dimensions 22 см.
653 ## - INDEX TERM--UNCONTROLLED
keyword კაცობრიობის უძველესი წარსული
653 ## - INDEX TERM--UNCONTROLLED
keyword ადამიანის წარმოშობა
653 ## - INDEX TERM--UNCONTROLLED
keyword პოლეოლიტი
942 ## - ADDED ENTRY ELEMENTS (KOHA)
Source of classification or shelving scheme
Koha item type წიგნი
ეგზემპლარები
Withdrawn status Lost status Source of classification or shelving scheme Damaged status Not for loan Permanent Location Current Location Shelving location Date acquired Cost, normal purchase price Full call number Barcode Date last seen Copy number Uniform Resource Identifier Price effective from Koha item type Public note
          ბათუმის შოთა რუსთაველის სახელმწიფო უნივერსიტეტის მთავარი ბიბლიოთეკა ბათუმის შოთა რუსთაველის სახელმწიფო უნივერსიტეტის მთავარი ბიბლიოთეკა წიგნსაცავი 2023-12-04 6.00 572+903 Б-82 65506 2023-12-04 65506 ბსუ-ს საპატიო დოქტორის გურამ ლორთქიფანიძის საჩუქარი 2023-12-04 წიგნი 6 ლ.